000 nam a22 7a 4500
999 _c7560
_d7560
008 170921b xxu||||| |||| 00| 0 eng d
100 _94077
_aCBSE
245 _aInteract in English Communication
260 _aNew delhi
_bCBSe
_c2008